| 000 | 00628cam a2200193 4500 | ||
|---|---|---|---|
| 005 | 20260202150557.0 | ||
| 008 | 700810s1970 caua b 001 0 eng | ||
| 020 | _a520015274 | ||
| 040 |
_aKABLIB _cKABLIB _erda |
||
| 082 | 0 | 0 |
_a152.1 _223 _bSAV |
| 100 | 1 |
_aSavage, C. Wade. _914993 |
|
| 245 | 1 | 4 |
_aThe measurement of sensation; _ba critique of perceptual psychophysics _cC. Wade Savage. |
| 260 |
_aBerkeley, _bUniversity of California Press, _cc1970. |
||
| 300 |
_ax, 578 p. : _bill. ; _c24 cm. |
||
| 504 | _aBibliography: p. [549-563], index. | ||
| 650 | 0 | _aPsychometrics. | |
| 650 | 0 |
_aPsychophysics. _914994 |
|
| 942 |
_2ddc _cBOOK |
||
| 999 |
_c5942 _d5942 |
||